| 000 | 00483nam a22001817a 4500 | ||
|---|---|---|---|
| 005 | 20170201094634.0 | ||
| 008 | 170201b xxu||||| |||| 00| 0 eng d | ||
| 020 | _a9781482238556 | ||
| 040 | _cPK-LaUMT | ||
| 082 |
_a621.042 _bGRA-T |
||
| 100 | _aGranet, Irving | ||
| 245 |
_aThermodynamics and heat power / _cIrving Granet and Maurice Bluestein |
||
| 250 | _a8th ed. | ||
| 260 |
_aBoca Raton : _bCRC Press, _c2015 |
||
| 300 | _a835 p. | ||
| 650 | _aThermodynamics | ||
| 942 | _cBK | ||
| 999 |
_c90649 _d90649 |
||